Szczegóły MARC21

Panorama de la nouvelle littérature française /

003 -Nazwa inst., której nr kontr. jest w polu 001 [,]
    • @
    • Nazwa instytucji, której n kontrolny jest w polu 001
    • NUKAT
005 -DATA I CZAS OSTATNIEJ MODYFIKACJI [,]
    • @
    • pole kontrolne
    • 20241231094224.0
020 -Międzynarod. znormalizowany nr książki - ISBN [ , ]
    • a
    • Numer ISBN
    • 2070714039 Find
040 -Instytucja sporządzająca opis [ , ]
    • a
    • Instytucja, która sporządziła opis (NP)
    • WA U/71ZK
    • c
    • Instytucja, która sporządziła rekord (NP)
    • WA U/ZK
    • d
    • Instytucja, która zmodyfikowała rekord (P)
    • WA U/AB
    • d
    • Instytucja, która zmodyfikowała rekord (P)
    • KAT U/ERs
942 -Rodzaj dokumentu [ , ]
    • c
    • Rodzaj dokumentu
    • Książka
100 -Hasło główne - nazwa osobowa [1, ]
    • a
    • Nazwa osobowa (NP)
    • Picon, Gaétan
    • d
    • Daty biograficzne (NP)
    • (1915-1976).
    • 9
    • KHW
    • 19486
240 -Tytuł ujednolicony [1,0]
    • a
    • Tytuł ujednolicony
    • Panorama de la nouvelle littérature française
    • l
    • Język tekstu
    • (fr.)
    • 9
    • KHW
    • 646892
245 -Strefa tytułu i oznaczenia odpowiedzialności [1,0]
    • a
    • Tytuł
    • Panorama de la nouvelle littérature française / Find
    • c
    • Pozostałe elementy strefy tytułu i oznaczenia odpowiedzialności (NP)
    • Gaétan Picon.
250 -Strefa wydania [ , ]
    • a
    • Oznaczenie wydania (NP)
    • Nouv. éd. rev. et corrigée préf. /
    • b
    • Ciąg dalszy strefy wydania (NP)
    • de Jean Starobinski.
260 -Strefa adresu wydawniczego [ , ]
    • a
    • Miejsce wydania (P)
    • [Paris] :
    • b
    • Nazwa wydawcy (P)
    • Gallimard,
    • c
    • Data wydania (P)
    • 1988.
300 -Strefa opisu fizycznego [ , ]
    • a
    • Określenie formy książki i/lub objętość (NP)
    • 365 s. ;
    • c
    • Format (NP)
    • 19 cm.
336 -Typ zawartości [ , ]
    • a
    • Termin opisujący typ zawartości
    • Tekst
    • b
    • Kod określający zawartość
    • txt
    • 2
    • Źródło (terminu i kodu)
    • rdacontent
337 -Typ mediów [ , ]
    • a
    • Tryb odtwarzania
    • Bez urządzenia pośredniczącego
    • b
    • Kod typu mediów
    • n
    • 2
    • Źródło (terminu i kodu)
    • rdamedia
338 -Typ/rodzaj nośnika [ , ]
    • a
    • Hasło opisujące typ nośnika
    • Wolumin
    • b
    • Kod typu nośnika
    • nc
    • 2
    • Źródło (terminu i kodu)
    • rdacarrier
490 -Strefa serii i książki wielotomowej - forma nie do wyszukiwania [1, ]
    • a
    • Tytuł (P)
    • Collection Tel, Find
    • x
    • ISSN (NP)
    • 0339-8560 ;
    • v
    • Numeracja (P)
    • 138
830 -Hasło dodatkowe serii i opisu książki wielotomowej - tytuł ujednolicony/tytuł [ ,0]
    • a
    • Tytuł ujednolicony/tytuł (NP)
    • Collection Tel
    • x
    • ISSN
    • 0339-8560
    • v
    • Oznaczenie tomu (NP)
    • 138
    • 9
    • KHW
    • 52973
080 -Uniwersalna Klasyfikacja Dziesiętna [ , ]
    • 2
    • Identyfikator wydania tablic
    • UDC-P058
    • a
    • Symbol klasyfikacji
    • 821.133.1(091)-3
    • b
    • Dopowiedzenie
    • Historia noweli francuskiej.
    • x
    • Poddział wspólny
    • =133.1
    • b
    • Dopowiedzenie
    • =Język francuski.
650 -Hasło przedmiotowe [ ,7]
    • a
    • Hasło przedmiotowe
    • Literatura francuska
    • y
    • Określnik chronologiczny
    • 20 w.
    • x
    • Określnik rzeczowy
    • historia i krytyka.
    • 2
    • Źródło terminu
    • kaba
    • 9
    • KHW
    • 117234
980 -Symbol UKD [ , ]
    • a
    • UKD
    • 821.133.1(091)-3=133.1
700 -Hasło dodatkowe - nazwa osobowa [1, ]
    • a
    • Nazwa osobowa (NP)
    • Starobinski, Jean Find
    • d
    • Daty biograficzne (NP)
    • (1920-2019).
    • e
    • Określenie rodzaju współpracy
    • Przedm.
    • 9
    • KHW
    • 53702
710 -Hasło dodatkowe - nazwa ciała zbiorowego [2, ]
    • a
    • Nazwa ciała zbiorowego lub nazwa geograficzna jako pierwszy element (NP)
    • Éditions Gallimard.
    • 4
    • Kod relacji
    • pbl
    • 9
    • KHW
    • 56020
920 -ISBN [ , ]
    • a
    • ISBN
    • 2-07-071403-9 Find
Numer inwentarzowy Sygnatura Status udost. Lokalizacja Data inwentaryzacji
A.8052FR. Literatura francuska 261BM2008-10-27